[Event "VI Festival Marche Estate U16"]
[Site "Senigallia ITA"]
[Date "2009.07.25"]
[Round "6"]
[White "Grassi, Andrea"]
[Black "Miracola, Giorgia"]
[Result "1/2-1/2"]
[WhiteElo "1449"]
[BlackElo "1476"]
[PlyCount "126"]
[EventDate "2009.07.20"]

1. d4 Nf6 2. c4 g6 3. Nc3 d5 4. cxd5 Nxd5 5. e4 Nxc3 6. bxc3 Bg7 7. Nf3 c5 8.
Qa4+ Bd7 9. Bb5 O-O 10. Bb2 a6 11. Bxd7 b5 12. Bxb5 cxd4 13. cxd4 Ra7 14. O-O
Rb7 15. Bxa6 Rxb2 16. Rfd1 Nxa6 17. Qxa6 Qb6 18. Qxb6 Rxb6 19. h3 Rd8 20. e5 e6
21. a4 Rd5 22. Ra2 Ra5 23. Kf1 Rb4 24. Rda1 f6 25. Kg1 fxe5 26. dxe5 Bxe5 27.
Nxe5 Rxe5 28. a5 Rb7 29. a6 Ra7 30. Rb1 Kg7 31. Rb7+ Rxb7 32. axb7 Rb5 33. Ra7
Kf6 34. g4 g5 35. Kg2 h6 36. Kg3 Rb3+ 37. f3 e5 38. Ra6+ Kg7 39. Ra7 Kf6 40.
Ra6+ Kg7 41. Re6 Rxb7 42. Rxe5 Rf7 43. Rf5 Rf6 44. h4 gxh4+ 45. Kxh4 Rxf5 46.
gxf5 Kf6 47. Kg4 h5+ 48. Kf4 h4 49. Kg4 h3 50. Kxh3 Kxf5 51. Kg3 Kg5 52. Kf2
Kf4 53. Kg2 Kg5 54. Kg3 Kf5 55. f4 Kf6 56. Kg4 Kg6 57. f5+ Kf6 58. Kf4 Kf7 59.
Kg5 Kg7 60. f6+ Kf7 61. Kf5 Kf8 62. Ke6 Ke8 63. Kf5 Kf7 1/2-1/2

[Event "IX Open"]
[Site "Condino ITA"]
[Date "2009.07.27"]
[Round "1"]
[White "Beccaris, Gabriele"]
[Black "De Bellis, Aldo"]
[Result "1-0"]
[WhiteElo "2037"]
[BlackElo "1698"]
[PlyCount "73"]
[EventDate "2009.07.27"]

1. e4 e6 2. d4 d5 3. Nc3 Bb4 4. a3 Bxc3+ 5. bxc3 Nd7 6. e5 c5 7. Qg4 Ne7 8.
Qxg7 Rg8 9. Qxh7 Nf8 10. Qh3 c4 11. Rb1 Qc7 12. Be2 Bd7 13. g4 Ba4 14. Bd2
O-O-O 15. Qf3 Neg6 16. h4 Nxe5 17. dxe5 Qxe5 18. Qe3 Qxe3 19. Bxe3 a6 20. Bd4
Nd7 21. f4 f6 22. Nh3 Rde8 23. Kd2 e5 24. fxe5 Nxe5 25. Bxe5 Rxe5 26. Bf3 Rd8
27. Rhe1 Bc6 28. Rxe5 fxe5 29. Ng5 e4 30. Be2 Re8 31. Ke3 Ba4 32. Rd1 Bc6 33.
h5 Kc7 34. h6 Kd6 35. h7 Ke7 36. Rf1 Rh8 37. Rf7+ 1-0

[Event "IX Open"]
[Site "Condino ITA"]
[Date "2009.07.27"]
[Round "1"]
[White "Bini, Lorenzo"]
[Black "Bondoni, Bernardino"]
[Result "1/2-1/2"]
[WhiteElo "1947"]
[BlackElo "1560"]
[PlyCount "81"]
[EventDate "2009.07.27"]

1. g3 d5 2. Bg2 e6 3. b3 Nf6 4. Bb2 c5 5. f4 Be7 6. Nf3 Nc6 7. O-O O-O 8. Qc1
b6 9. e3 Bb7 10. d3 Rb8 11. Re1 Qc7 12. Nbd2 Rfd8 13. Nf1 Nd7 14. g4 Bf6 15. c3
e5 16. g5 Be7 17. Ng3 d4 18. cxd4 exd4 19. exd4 Re8 20. d5 Nb4 21. Qc3 f6 22.
Nh4 Qxf4 23. Nhf5 Ne5 24. Bc1 Nf3+ 25. Kh1 Qc7 26. Bxf3 Bd6 27. Bb2 Be5 28. d4
Nxd5 29. Qc4 Bxg3 30. hxg3 Rbd8 31. Kh2 Qd7 32. Ne3 b5 33. Bxd5+ Kh8 34. Qxc5
Rc8 35. Qxa7 Rxe3 36. Rxe3 Qxd5 37. Re2 Qf3 38. Rae1 Qh5+ 39. Kg1 Qh1+ 40. Kf2
Qf3+ 41. Kg1 1/2-1/2

[Event "IX Open"]
[Site "Condino ITA"]
[Date "2009.07.27"]
[Round "1"]
[White "Bonugli, Carlo"]
[Black "Staresina, Mirko"]
[Result "1-0"]
[WhiteElo "2003"]
[BlackElo "1661"]
[PlyCount "55"]
[EventDate "2009.07.27"]

1. e4 c5 2. Nc3 Nc6 3. g3 g6 4. Bg2 Bg7 5. d3 e6 6. Be3 d6 7. Qd2 Nge7 8. Bh6
O-O 9. h4 d5 10. h5 dxe4 11. hxg6 fxg6 12. Bxg7 Kxg7 13. Qh6+ Kf7 14. Qxh7+ Ke8
15. Bxe4 Qd4 16. Rh2 Qf6 17. O-O-O Kd7 18. Nge2 Kc7 19. Bxc6 Kxc6 20. Ne4 Qf7
21. Qh6 Bd7 22. Qe3 b6 23. Ng5 Qf5 24. f4 Kc7 25. Rh7 Nd5 26. Qxe6 Rae8 27.
Rxd7+ Kb8 28. Qd6+ 1-0

[Event "IX Open"]
[Site "Condino ITA"]
[Date "2009.07.27"]
[Round "1"]
[White "Buglisi, Massimo"]
[Black "Bouanani, Denis"]
[Result "0-1"]
[WhiteElo "1938"]
[BlackElo "1533"]
[PlyCount "56"]
[EventDate "2009.07.27"]

1. d4 Nf6 2. c4 e5 3. dxe5 Ng4 4. Bf4 Nc6 5. Nf3 Bb4+ 6. Nc3 Qe7 7. Qd5 Bxc3+
8. bxc3 f6 9. exf6 Nxf6 10. Qd3 d6 11. g3 O-O 12. Bg2 Re8 13. Rb1 Bf5 14. Qd1
Bxb1 15. O-O Bg6 16. e3 Ne5 17. Nd4 Rab8 18. Bg5 Nf7 19. Bd5 c6 20. Be6 c5 21.
Bxf7+ Bxf7 22. Nf5 Qe5 23. Bxf6 Qxf6 24. Nh4 Bxc4 25. Re1 Qxc3 26. Qb1 Bd3 27.
Qd1 Rf8 28. Ng2 Qc2 0-1

[Event "IX Open"]
[Site "Condino ITA"]
[Date "2009.07.27"]
[Round "1"]
[White "Caputi, Nicola"]
[Black "Zuccaro, Guido"]
[Result "1-0"]
[WhiteElo "2053"]
[BlackElo "1705"]
[PlyCount "53"]
[EventDate "2009.07.27"]

1. c4 e5 2. Nc3 Nf6 3. Nf3 Nc6 4. g3 g6 5. Bg2 Bg7 6. d3 O-O 7. Bg5 h6 8. Bxf6
Bxf6 9. O-O Ne7 10. Nd2 d6 11. Rb1 c6 12. Nce4 Bg7 13. c5 dxc5 14. Nxc5 b6 15.
Na4 Bb7 16. b4 Qd7 17. Qb3 Rab8 18. Rfc1 Nd5 19. a3 Kh7 20. Nb2 f5 21. a4 f4
22. Ne4 Qe7 23. Nc4 Rfd8 24. b5 cxb5 25. axb5 Nf6 26. Ncd2 Bd5 27. Nxf6+ 1-0

[Event "IX Open"]
[Site "Condino ITA"]
[Date "2009.07.27"]
[Round "1"]
[White "Carfagna, Alex"]
[Black "Forno, Roberto"]
[Result "0-1"]
[WhiteElo "1560"]
[BlackElo "1946"]
[PlyCount "108"]
[EventDate "2009.07.27"]

1. e4 e5 2. Nf3 d6 3. Bc4 Nc6 4. h3 Nf6 5. Ng5 d5 6. exd5 Na5 7. Bb5+ Bd7 8.
Qe2 Bd6 9. d4 O-O 10. dxe5 Bxe5 11. Qd3 Bxb5 12. Qxb5 Qxd5 13. Qxd5 Nxd5 14.
O-O Rfe8 15. Nf3 Bf6 16. Nbd2 Re2 17. c3 Rae8 18. Rd1 c6 19. Nf1 Nc4 20. Rb1 b5
21. Ng3 R2e6 22. Bd2 a5 23. Rdc1 a4 24. Bg5 a3 25. b3 Ne5 26. Bxf6 Nxf3+ 27.
gxf3 Rxf6 28. Re1 Rxe1+ 29. Rxe1 Kf8 30. c4 Nc3 31. Ne4 Rxf3 32. Nxc3 Rxc3 33.
cxb5 cxb5 34. Re5 Rc2 35. Rxb5 Rxa2 36. Ra5 Ke7 37. Kg2 g6 38. b4 Rb2 39. Rxa3
Rxb4 40. Kg3 h5 41. h4 Rg4+ 42. Kh3 Ke6 43. f3 Rg1 44. Kh2 Rd1 45. Kg3 f6 46.
Ra6+ Rd6 47. Rxd6+ Kxd6 48. Kf4 Kd5 49. Ke3 g5 50. hxg5 fxg5 51. f4 g4 52. Kd3
h4 53. Ke3 Ke6 54. Ke4 h3 0-1

[Event "IX Open"]
[Site "Condino ITA"]
[Date "2009.07.27"]
[Round "1"]
[White "Catalano, Luigi"]
[Black "Barucco, Mattia"]
[Result "0-1"]
[WhiteElo "1679"]
[BlackElo "2006"]
[PlyCount "116"]
[EventDate "2009.07.27"]

1. g3 Nf6 2. Bg2 g6 3. d4 d5 4. h3 Bg7 5. Nf3 O-O 6. g4 c5 7. O-O Nc6 8. c3 Ne4
9. e3 b6 10. Nbd2 f5 11. g5 Bb7 12. h4 Qd6 13. Nxe4 fxe4 14. Nh2 e5 15. dxc5
Qxc5 16. Ng4 Ba6 17. Re1 Rad8 18. Bd2 Bd3 19. a4 Ne7 20. Kh2 Nf5 21. Kh3 Qc8
22. Rh1 h5 23. gxh6 Nxh6 24. f3 exf3 25. Bxf3 Be4 26. Be2 Bxh1 27. Qxh1 Kh8 28.
Rf1 Rxf1 29. Qxf1 Rf8 30. Qg2 e4 31. Qg3 Qf5 32. Kg2 Nxg4 33. Qxg4 Qf2+ 34. Kh3
Be5 35. Qg2 Qf5+ 36. Bg4 Qf6 37. Be1 Kh7 38. Be2 Rf7 39. Qg4 Kh8 40. Qc8+ Kh7
41. Qg4 Qf5 42. Qxf5 gxf5 43. Kg2 f4 44. exf4 Bxf4 45. b3 Rc7 46. Kh3 Be5 47.
c4 d4 48. Bg4 Rf7 49. Kg2 d3 50. Be6 Rg7+ 51. Kh3 Kg6 52. Bd2 Kf6 53. Bg4 Bd4
54. Bh5 e3 55. Bb4 Be5 56. Bg4 Rxg4 57. Kxg4 d2 58. Kf3 d1=Q+ 0-1

[Event "IX Open"]
[Site "Condino ITA"]
[Date "2009.07.27"]
[Round "1"]
[White "Cesati Cassin, Giorgio"]
[Black "Weinberg, Emanuele"]
[Result "0-1"]
[WhiteElo "1425"]
[BlackElo "1883"]
[PlyCount "102"]
[EventDate "2009.07.27"]

1. e4 Nf6 2. e5 Nd5 3. d4 d6 4. c4 Nb6 5. Nf3 Nc6 6. Nc3 Bf5 7. Be2 dxe5 8.
dxe5 Qxd1+ 9. Nxd1 e6 10. O-O Bc5 11. Be3 Bxe3 12. Nxe3 Bg6 13. Rfd1 Nd7 14.
Nh4 Ndxe5 15. f4 Nd7 16. Nxg6 hxg6 17. Rd2 Ke7 18. Rad1 Nc5 19. Bf3 Rad8 20.
Rxd8 Rxd8 21. Rxd8 Kxd8 22. Bxc6 bxc6 23. b3 Nd3 24. g3 Nc1 25. Kf2 Nxa2 26.
Kf3 c5 27. Nc2 a5 28. Ke4 f6 29. g4 Nc1 30. Na1 Ke7 31. h4 Kd6 32. h5 gxh5 33.
gxh5 Ne2 34. Kf3 Nd4+ 35. Kg4 e5 36. fxe5+ Kxe5 37. Kh4 Kf4 38. Kh3 Kg5 39. Kg3
Kxh5 40. Kf4 Kh4 41. Ke4 g5 42. Kd5 g4 43. Kxc5 g3 44. Kxd4 g2 45. Nc2 g1=Q+
46. Ne3 f5 47. Kd3 Qg6 48. Nd5 f4+ 49. Ke2 Kg3 50. Kd2 f3 51. Ne7 Qg5+ 0-1

[Event "IX Open"]
[Site "Condino ITA"]
[Date "2009.07.27"]
[Round "1"]
[White "Cosenza, Gianni"]
[Black "Forno, Diego"]
[Result "1-0"]
[WhiteElo "1927"]
[BlackElo "1527"]
[PlyCount "57"]
[EventDate "2009.07.27"]

1. e4 c5 2. Nf3 Nc6 3. d4 cxd4 4. Nxd4 e5 5. Nb5 d6 6. N1c3 a6 7. Na3 b5 8. Nd5
Nge7 9. c3 Be6 10. Nc2 Ng6 11. a4 bxa4 12. Rxa4 a5 13. Bb5 Rc8 14. Be3 Qh4 15.
h3 Qd8 16. Nb6 Rc7 17. Rxa5 Be7 18. Ra8 Bc8 19. Nxc8 Rxc8 20. Bxc6+ Kf8 21.
Rxc8 Qxc8 22. Bd5 Nh4 23. O-O g5 24. Qh5 Ng6 25. Ra1 Kg7 26. Bxg5 Bxg5 27. Qxg5
Qc5 28. Ne3 Rf8 29. Nf5+ 1-0

[Event "IX Open"]
[Site "Condino ITA"]
[Date "2009.07.27"]
[Round "1"]
[White "De Nisi, Roberta"]
[Black "Zallocco, Marco"]
[Result "1-0"]
[WhiteElo "1885"]
[BlackElo "1468"]
[PlyCount "59"]
[EventDate "2009.07.27"]

1. d4 d5 2. c4 c6 3. Nc3 Nf6 4. f3 Bf5 5. e3 e6 6. cxd5 Nxd5 7. e4 Nxc3 8. bxc3
Bg6 9. Bd3 Be7 10. Ne2 Nd7 11. O-O O-O 12. Nf4 Qc7 13. Nxg6 fxg6 14. Qb3 Kh8
15. Qxe6 Qd6 16. Qxd6 Bxd6 17. e5 Be7 18. f4 Nb6 19. f5 gxf5 20. Rxf5 g6 21.
Rxf8+ Rxf8 22. Bh6 Rd8 23. Rf1 Kg8 24. Bc2 Nc4 25. Bb3 b5 26. Kf2 Bf8 27. Bg5
Rd7 28. Ke2 Rf7 29. Rxf7 Kxf7 30. Kd3 1-0

[Event "IX Open"]
[Site "Condino ITA"]
[Date "2009.07.27"]
[Round "1"]
[White "De Polzer, Manfredi"]
[Black "Qendro, Llambi"]
[Result "0-1"]
[WhiteElo "1813"]
[BlackElo "2349"]
[PlyCount "66"]
[EventDate "2009.07.27"]

1. e4 g6 2. d4 Bg7 3. Bc4 c6 4. Nf3 d5 5. exd5 cxd5 6. Bb3 Nc6 7. O-O Nf6 8. c3
O-O 9. Re1 Bg4 10. Be3 Ne4 11. Nbd2 e6 12. h3 Bxf3 13. Qxf3 f5 14. Nxe4 fxe4
15. Qg3 Rf5 16. Rf1 Qf6 17. Rac1 Rf8 18. h4 Qf7 19. Bd1 h5 20. Be2 Kh7 21. Rcd1
Ne7 22. Rd2 Bh6 23. Bxh6 Kxh6 24. Qe3+ Kh7 25. Bd1 Qf6 26. Qh3 Rf4 27. g3 e3
28. gxf4 exd2 29. Qe3 Qxh4 30. Kg2 Rxf4 31. Rh1 Nf5 32. Rxh4 Nxe3+ 33. Kg3 Rxh4
0-1

[Event "IX Open"]
[Site "Condino ITA"]
[Date "2009.07.27"]
[Round "1"]
[White "Di Paolo, Raffaele"]
[Black "Facchetti, Lorenzo"]
[Result "1-0"]
[WhiteElo "2318"]
[BlackElo "1807"]
[PlyCount "65"]
[EventDate "2009.07.27"]

1. e4 e5 2. Nf3 Nc6 3. d4 exd4 4. Nxd4 Bc5 5. Nxc6 Qf6 6. Qf3 dxc6 7. Qxf6 Nxf6
8. f3 Be6 9. Nd2 O-O-O 10. Nb3 Bxb3 11. axb3 Rhe8 12. Bd3 Nd5 13. Bd2 Nb4 14.
Bxb4 Bxb4+ 15. Ke2 a6 16. f4 f6 17. h4 h5 18. Rad1 Re7 19. Kf3 g6 20. g3 Red7
21. g4 hxg4+ 22. Kxg4 Rh8 23. Bc4 Re7 24. Bd3 Rd7 25. e5 fxe5 26. fxe5 Be7 27.
Bxg6 Rxh4+ 28. Rxh4 Rxd1 29. Rh8+ Bd8 30. Bf5+ Kb8 31. Bd3 Kc8 32. e6 Re1 33.
Bf5 1-0

[Event "IX Open"]
[Site "Condino ITA"]
[Date "2009.07.27"]
[Round "1"]
[White "Dieli, Riccardo"]
[Black "Ravazzolo, Gildo"]
[Result "1-0"]
[WhiteElo "1907"]
[BlackElo "1503"]
[PlyCount "63"]
[EventDate "2009.07.27"]

1. Nf3 d5 2. c4 c6 3. d4 Bf5 4. Nc3 e6 5. cxd5 cxd5 6. e3 a6 7. Bd2 Nf6 8. Be2
h6 9. O-O Bd6 10. a3 O-O 11. b4 b6 12. Rc1 Nbd7 13. Na4 Ne4 14. Be1 g5 15. Nd2
Ndf6 16. Nxe4 dxe4 17. Qb3 g4 18. Bd2 h5 19. b5 a5 20. Rc6 Rb8 21. Nxb6 g3 22.
hxg3 h4 23. Bxa5 Rxb6 24. Bxb6 Qb8 25. Rxd6 hxg3 26. Qb4 Kg7 27. fxg3 Nd5 28.
Rxd5 Qxg3 29. Rdxf5 Qxe3+ 30. R5f2 Rh8 31. Qe7 Rf8 32. Bc5 1-0

[Event "IX Open"]
[Site "Condino ITA"]
[Date "2009.07.27"]
[Round "1"]
[White "Dittmar, Peter"]
[Black "Pedrotti, Luciano"]
[Result "1-0"]
[WhiteElo "2357"]
[BlackElo "1819"]
[PlyCount "63"]
[EventDate "2009.07.27"]

1. b3 Nc6 2. Bb2 e5 3. e3 Nf6 4. Bb5 d6 5. Nf3 Bd7 6. d4 exd4 7. Nxd4 Ne5 8.
Bxd7+ Qxd7 9. c4 Be7 10. O-O O-O 11. Nc3 a6 12. Qc2 Rfe8 13. Rad1 Qg4 14. f4
Ng6 15. Rf3 Qd7 16. Nf5 Bf8 17. Rg3 Qc6 18. h4 h5 19. Nh6+ gxh6 20. Rxg6+ fxg6
21. Qxg6+ Bg7 22. Nd5 Re6 23. Bxf6 Qd7 24. Qxg7+ Qxg7 25. Bxg7 Rg6 26. Bc3 Kf7
27. Nxc7 Rag8 28. Rd2 Ke7 29. Nd5+ Kf7 30. f5 Rg3 31. Nf6 Rd8 32. Bd4 1-0

[Event "IX Open"]
[Site "Condino ITA"]
[Date "2009.07.27"]
[Round "1"]
[White "Fragni, Enrico"]
[Black "Panjkovic, Aleksandar"]
[Result "0-1"]
[WhiteElo "1762"]
[BlackElo "2122"]
[PlyCount "52"]
[EventDate "2009.07.27"]

1. Nf3 d5 2. d4 c6 3. e3 Bg4 4. Be2 e6 5. Nbd2 f5 6. Ne5 Bxe2 7. Qxe2 Nf6 8. g4
fxg4 9. Nxg4 Nbd7 10. Nxf6+ Qxf6 11. Qf3 Bd6 12. c3 e5 13. dxe5 Qxe5 14. Qg3
O-O-O 15. Qxe5 Nxe5 16. Ke2 Rhf8 17. f4 Nd7 18. Rg1 g6 19. b4 Rde8 20. Kd3 c5
21. bxc5 Bxc5 22. Nb3 Rxf4 23. Nxc5 Nxc5+ 24. Kc2 Rf2+ 25. Kd1 Ne4 26. Ke1 Rxh2
0-1

[Event "IX Open"]
[Site "Condino ITA"]
[Date "2009.07.27"]
[Round "1"]
[White "Gardi, Giuseppe"]
[Black "Saviano, Sabato"]
[Result "1-0"]
[WhiteElo "2017"]
[BlackElo "1695"]
[PlyCount "107"]
[EventDate "2009.07.27"]

1. d4 d5 2. Nf3 Nf6 3. Bf4 e6 4. e3 Bb4+ 5. c3 Bd6 6. Bg3 a6 7. Bd3 h6 8. Nbd2
Nc6 9. Qe2 Qe7 10. Ne5 Bxe5 11. dxe5 Nd7 12. f4 Nc5 13. Bc2 Bd7 14. b4 Ne4 15.
Nxe4 dxe4 16. Bxe4 Nxb4 17. O-O Nd5 18. Qd3 Qc5 19. Bxd5 exd5 20. Rfd1 c6 21.
Bf2 Qe7 22. e4 dxe4 23. Qxe4 O-O 24. Rd6 Be6 25. c4 g6 26. Bb6 Rfe8 27. Rad1
Bg4 28. R1d2 Bf5 29. Qe2 Qh4 30. g3 Qe7 31. g4 Be6 32. h3 Qh4 33. Kg2 a5 34.
Qe4 h5 35. Bf2 Qe7 36. gxh5 Qf8 37. hxg6 Qg7 38. f5 Bxf5 39. Qxf5 Rxe5 40. Rd8+
Re8 41. R8d7 Qxg6+ 42. Qxg6+ fxg6 43. R2d6 Re2 44. Rxg6+ Kf8 45. a3 b5 46. cxb5
cxb5 47. Rdg7 b4 48. Kf3 Re5 49. Bd4 Rf5+ 50. Ke4 Rh5 51. Rg8+ Kf7 52. R6g7+
Ke6 53. Rxa8 bxa3 54. Ra6# 1-0

[Event "IX Open"]
[Site "Condino ITA"]
[Date "2009.07.27"]
[Round "1"]
[White "Giovannini, Roberto"]
[Black "Gastaldello, Lorenzo"]
[Result "1-0"]
[WhiteElo "1976"]
[BlackElo "1620"]
[PlyCount "97"]
[EventDate "2009.07.27"]

1. d4 c6 2. Nf3 d5 3. Bf4 Nf6 4. e3 Bg4 5. c4 Qb6 6. Qb3 Qxb3 7. axb3 Nbd7 8.
Nbd2 e6 9. c5 Be7 10. b4 O-O 11. h3 Bf5 12. b5 cxb5 13. Bxb5 a6 14. Be2 Rac8
15. O-O Nb8 16. Ne5 Rfd8 17. g4 Bg6 18. h4 h6 19. Nxg6 fxg6 20. Nf3 Ne4 21. Bd3
g5 22. hxg5 Nxg5 23. Nxg5 Bxg5 24. Bd6 Nc6 25. f4 Be7 26. Bxe7 Nxe7 27. b4 Rf8
28. b5 axb5 29. Bxb5 g5 30. Bd7 Rb8 31. Bxe6+ Kg7 32. f5 Kf6 33. Kg2 Ra8 34.
Rxa8 Rxa8 35. Rb1 h5 36. gxh5 Nxf5 37. Bxf5 Kxf5 38. Rxb7 Rc8 39. Re7 Rh8 40.
Re5+ Kf6 41. Rxd5 Rxh5 42. c6 Rh8 43. e4 Rg8 44. Rd6+ Ke7 45. Rd7+ Ke6 46. d5+
Ke5 47. Re7+ Kd6 48. Re6+ Kc7 49. Kg3 1-0

[Event "IX Open"]
[Site "Condino ITA"]
[Date "2009.07.27"]
[Round "1"]
[White "Hamperl, Fred"]
[Black "Frugoni, Giulio"]
[Result "1-0"]
[WhiteElo "2075"]
[BlackElo "1753"]
[PlyCount "55"]
[EventDate "2009.07.27"]

1. e4 c5 2. Nc3 Nc6 3. Bb5 a6 4. Bxc6 bxc6 5. f4 e6 6. Nf3 Nf6 7. O-O c4 8. Qe2
Bc5+ 9. Kh1 Ng4 10. h3 h5 11. e5 d5 12. exd6 Bxd6 13. Qxc4 Qc7 14. d4 Bb7 15.
Ne5 O-O-O 16. hxg4 hxg4+ 17. Kg1 Rh4 18. Be3 c5 19. dxc5 g3 20. cxd6 Qxc4 21.
d7+ Kb8 22. Nxc4 Rh2 23. Rfd1 Bxg2 24. Bb6 Bf3 25. Kf1 g2+ 26. Kf2 Rxd7 27.
Rxd7 Rh1 28. Rg1 1-0

[Event "IX Open"]
[Site "Condino ITA"]
[Date "2009.07.27"]
[Round "1"]
[White "Hortensius, Kees"]
[Black "Battiston, Claudio"]
[Result "1-0"]
[WhiteElo "1658"]
[BlackElo "2001"]
[PlyCount "83"]
[EventDate "2009.07.27"]

1. e4 Nf6 2. Nc3 e5 3. f4 d5 4. fxe5 Nxe4 5. d3 Qh4+ 6. g3 Nxg3 7. Nf3 Qh5 8.
Nxd5 Bg4 9. Bg2 Nxh1 10. Nxc7+ Kd8 11. Nxa8 Nc6 12. d4 Be7 13. Bxh1 Bh4+ 14.
Kf1 Kc8 15. Qd3 Bh3+ 16. Bg2 Bxg2+ 17. Kxg2 Qg4+ 18. Kh1 Bf2 19. Bd2 Nxd4 20.
Nxd4 Qxd4 21. Bc3 Qxd3 22. cxd3 Rd8 23. Rf1 Bc5 24. Rxf7 b6 25. e6 Bd6 26. Rxg7
Kb8 27. Nxb6 axb6 28. Rxh7 Re8 29. Rh6 Kc7 30. a3 Kc6 31. Kg2 Kd5 32. h3 Rg8+
33. Kf2 Rf8+ 34. Ke2 Rg8 35. h4 Rg2+ 36. Kd1 b5 37. Rh5+ Kc6 38. Bf6 Rg6 39. e7
Kd7 40. Rf5 b4 41. axb4 Bxb4 42. Rd5+ 1-0

[Event "IX Open"]
[Site "Condino ITA"]
[Date "2009.07.27"]
[Round "1"]
[White "Lodi, Paolo"]
[Black "Volpinari, Danilo"]
[Result "0-1"]
[WhiteElo "1706"]
[BlackElo "2056"]
[PlyCount "58"]
[EventDate "2009.07.27"]

1. c4 b6 2. Nc3 Bb7 3. e4 e6 4. g3 f5 5. Bg2 Nf6 6. d3 Bb4 7. Bg5 Bxc3+ 8. bxc3
fxe4 9. Qe2 exd3 10. Qf1 Bxg2 11. Qxg2 Nc6 12. Nf3 h6 13. Be3 O-O 14. Rd1 e5
15. Nh4 e4 16. g4 Qe8 17. Rg1 Ne5 18. h3 c5 19. g5 Qh5 20. Rd2 Qxh4 21. gxf6
Nf3+ 22. Kd1 Qxf6 23. Qxg7+ Qxg7 24. Rxg7+ Kxg7 25. Rb2 Rf6 26. Rb1 Rg6 27. Kc1
Ne5 28. Kb2 Nxc4+ 29. Kb3 d5 0-1

[Event "IX Open"]
[Site "Condino ITA"]
[Date "2009.07.27"]
[Round "1"]
[White "Marangoni, Simone"]
[Black "Marguerettaz, Davy"]
[Result "0-1"]
[WhiteElo "1703"]
[BlackElo "2048"]
[PlyCount "110"]
[EventDate "2009.07.27"]

1. c4 Nf6 2. Nc3 c5 3. Nf3 Nc6 4. g3 d5 5. cxd5 Nxd5 6. Bg2 Nc7 7. O-O e5 8. d3
Be7 9. Qb3 O-O 10. h4 Rb8 11. Bg5 Be6 12. Bxe7 Qxe7 13. Qc2 f6 14. Ne4 b6 15.
a3 Nb5 16. Nc3 Ncd4 17. Qd1 Bb3 18. Qd2 Nxf3+ 19. Bxf3 Nd4 20. Bg2 Rfd8 21. a4
Bf7 22. Rad1 a6 23. e3 Ne6 24. Nd5 Qd6 25. Qe2 Be8 26. Nc3 Bc6 27. Ne4 Qd7 28.
Qg4 Kh8 29. Bh3 Nc7 30. Nc3 Qxg4 31. Bxg4 Nd5 32. Nxd5 Bxd5 33. Be2 a5 34. Rd2
Rd6 35. Bd1 Rbd8 36. Bc2 Bf3 37. Bd1 Be4 38. Bc2 c4 39. d4 Bc6 40. Rfd1 Bf3 41.
Re1 Kg8 42. Bf5 g6 43. Bh3 exd4 44. exd4 Rxd4 45. Be6+ Kf8 46. Rxd4 Rxd4 47.
Rc1 Rd1+ 48. Rxd1 Bxd1 49. Bd7 Ke7 50. Bb5 Kd6 51. f4 Kc5 52. Kf2 Kb4 53. Ke3
Bxa4 54. Ba6 Bb5 55. Bc8 Kb3 0-1

[Event "IX Open"]
[Site "Condino ITA"]
[Date "2009.07.27"]
[Round "1"]
[White "Menon, Michele"]
[Black "Bini, Massimo"]
[Result "0-1"]
[WhiteElo "1741"]
[BlackElo "2066"]
[PlyCount "64"]
[EventDate "2009.07.27"]

1. Nf3 d5 2. d4 Nf6 3. e3 c6 4. Nbd2 Bf5 5. Bd3 Bg6 6. O-O e6 7. Re1 Ne4 8. Qe2
Bd6 9. c4 Nd7 10. cxd5 exd5 11. Ne5 Nxe5 12. dxe5 Bxe5 13. Bxe4 dxe4 14. Nc4
Bc7 15. Bd2 O-O 16. Bc3 Qh4 17. Be5 Bxe5 18. Nxe5 Qg5 19. Nxg6 Qxg6 20. Red1
Rfd8 21. Rd4 c5 22. Rc4 b6 23. b4 cxb4 24. Rac1 h6 25. Rc6 Rd6 26. Qb5 Rad8 27.
h3 Qf6 28. Rc8 Rxc8 29. Rxc8+ Kh7 30. Qxb4 Rd1+ 31. Kh2 Qe5+ 32. g3 Qf5 0-1

[Event "IX Open"]
[Site "Condino ITA"]
[Date "2009.07.27"]
[Round "1"]
[White "Monticone, Sonia"]
[Black "De Santis, Alessio"]
[Result "0-1"]
[WhiteElo "1805"]
[BlackElo "2293"]
[PlyCount "66"]
[EventDate "2009.07.27"]

1. d4 d6 2. c4 f5 3. Nc3 Nf6 4. Nf3 g6 5. Bf4 Bg7 6. g3 O-O 7. Bg2 Qe8 8. Qc1
Nbd7 9. O-O e5 10. Bg5 Rf7 11. Rd1 e4 12. Ne1 Qf8 13. Nc2 h6 14. Bd2 Nb6 15. b3
c6 16. Rb1 d5 17. cxd5 cxd5 18. e3 Bd7 19. Ne2 Rc8 20. Qb2 g5 21. Bb4 Rxc2 22.
Bxf8 Rxb2 23. Rxb2 Bxf8 24. Rdb1 Bb5 25. Bf1 Bd3 26. Rd1 Ba3 27. Rbd2 Rc7 28.
Kg2 Bxe2 29. Bxe2 Bc1 30. Rxc1 Rxc1 31. h3 Kf7 32. Bb5 a6 33. Be2 Ke6 0-1

[Event "IX Open"]
[Site "Condino ITA"]
[Date "2009.07.27"]
[Round "1"]
[White "Moro, Roberto"]
[Black "Popa, Claudiu"]
[Result "0-1"]
[WhiteElo "1781"]
[BlackElo "2233"]
[PlyCount "68"]
[EventDate "2009.07.27"]

1. e4 e5 2. f4 exf4 3. Nf3 Ne7 4. d4 d5 5. exd5 Nxd5 6. Bc4 Be7 7. O-O O-O 8.
Bxd5 Qxd5 9. Bxf4 c5 10. Nc3 Qc4 11. Ne5 Qxd4+ 12. Qxd4 cxd4 13. Nb5 Na6 14.
Nxd4 Bc5 15. c3 f6 16. Nef3 Bd7 17. Rad1 Rfe8 18. Kh1 Rad8 19. b4 Bb6 20. Rfe1
Ba4 21. Rxe8+ Rxe8 22. Re1 Rxe1+ 23. Nxe1 Nxb4 24. cxb4 Bxd4 25. Bd6 Kf7 26.
Nf3 Be3 27. g3 Bc6 28. Kg2 h5 29. h3 f5 30. Bf4 Bb6 31. h4 Ke6 32. a3 Be4 33.
Bc1 Kd5 34. Bb2 g6 0-1

[Event "IX Open"]
[Site "Condino ITA"]
[Date "2009.07.27"]
[Round "1"]
[White "Panjkovic, Stefan"]
[Black "Della Rocca, Giorgio"]
[Result "0-1"]
[WhiteElo "1503"]
[BlackElo "1910"]
[PlyCount "54"]
[EventDate "2009.07.27"]

1. d4 Nf6 2. Bf4 g6 3. e3 Bg7 4. Nf3 O-O 5. Nbd2 d6 6. h3 Nbd7 7. Be2 Re8 8.
O-O e5 9. dxe5 dxe5 10. Bh2 e4 11. Nd4 Ne5 12. Nc4 Nfd7 13. c3 Nxc4 14. Bxc4
Ne5 15. Be2 a6 16. Qc2 c5 17. Nb3 Qh4 18. Nxc5 Nf3+ 19. Kh1 Nxh2 20. Kxh2 Be5+
21. Kg1 Bd6 22. Nb3 Bxh3 23. g3 Qg5 24. Rfd1 Bxg3 25. Bf1 Bc7+ 26. Kh1 Bxf1 27.
Rxf1 Qh4+ 0-1

[Event "IX Open"]
[Site "Condino ITA"]
[Date "2009.07.27"]
[Round "1"]
[White "Pipitone, Antonio"]
[Black "Pandini, Giuseppe"]
[Result "1-0"]
[WhiteElo "2061"]
[BlackElo "1715"]
[PlyCount "65"]
[EventDate "2009.07.27"]

1. e4 b6 2. d4 e6 3. Nf3 Bb7 4. Bd3 Be7 5. Be3 Nf6 6. Nbd2 d6 7. h3 Nbd7 8. O-O
O-O 9. c3 c5 10. Rc1 Rc8 11. Re1 Ne8 12. Nf1 f6 13. Ng3 c4 14. Bb1 g6 15. Nd2
b5 16. Bh6 Ng7 17. Qg4 f5 18. exf5 Nf6 19. Qe2 gxf5 20. Bxg7 Kxg7 21. Qxe6 Ne4
22. Ndxe4 Bxe4 23. Bxe4 fxe4 24. Nf5+ Rxf5 25. Qxf5 d5 26. Re3 Bd6 27. f4 exf3
28. Rxf3 Rc7 29. Rcf1 Rd7 30. Qe6 Kh8 31. Rf7 Rxf7 32. Rxf7 Bb8 33. Qh6 1-0

[Event "IX Open"]
[Site "Condino ITA"]
[Date "2009.07.27"]
[Round "1"]
[White "Pretto, Aldo"]
[Black "Rossi, Giampiero"]
[Result "0-1"]
[WhiteElo "1533"]
[BlackElo "1934"]
[PlyCount "110"]
[EventDate "2009.07.27"]

1. Nf3 d5 2. g3 c6 3. Bg2 Nf6 4. O-O Nbd7 5. d3 e6 6. Nbd2 Be7 7. e4 O-O 8. e5
Ne8 9. Nb3 b6 10. Qe2 Bb7 11. h4 Rc8 12. Ng5 h6 13. Nh3 Qc7 14. Bf4 c5 15. Nd2
Qb8 16. Rae1 Nc7 17. Qg4 Kh7 18. c3 Rfd8 19. Qh5 Kg8 20. Qg4 Ne8 21. Nf3 Kh7
22. Qh5 Kg8 23. g4 Bf8 24. g5 g6 25. Qg4 h5 26. Qg3 Ng7 27. Qh2 Nf5 28. Bg3 Bg7
29. Re2 d4 30. c4 Bxf3 31. Bxf3 Nxg3 32. Qxg3 Nxe5 33. Be4 Ng4 34. Qxb8 Rxb8
35. Kg2 Ne5 36. Rfe1 b5 37. b3 bxc4 38. bxc4 Rb6 39. Nf4 Rdb8 40. Bf3 Nxf3 41.
Kxf3 Rb2 42. Rxb2 Rxb2 43. Ra1 Be5 44. Ne2 f6 45. gxf6 Bxf6 46. Nf4 Kf7 47. Rg1
Bxh4 48. Nxg6 Rxf2+ 49. Ke4 Re2+ 50. Kf4 Bf6 51. Rg3 h4 52. Rg4 h3 53. Rg3 h2
54. Rh3 Kxg6 55. Kf3 Re3+ 0-1